<?xml version="1.0" encoding="UTF-8"?>
<record
    xmlns:xsi="http://www.w3.org/2001/XMLSchema-instance"
    xsi:schemaLocation="http://www.loc.gov/MARC21/slim http://www.loc.gov/standards/marcxml/schema/MARC21slim.xsd"
    xmlns="http://www.loc.gov/MARC21/slim">

  <leader>01504nam a2200349 a 4500</leader>
  <controlfield tag="001">000038599</controlfield>
  <controlfield tag="003">DO-SdBNP</controlfield>
  <controlfield tag="005">20210901095351.0</controlfield>
  <controlfield tag="007">000038599</controlfield>
  <controlfield tag="008">091204s2013-15    dr            000 0 spa d</controlfield>
  <datafield tag="020" ind1=" " ind2=" ">
    <subfield code="a">9789945492156  (Obra completa)</subfield>
  </datafield>
  <datafield tag="040" ind1=" " ind2=" ">
    <subfield code="a">BPMSU</subfield>
    <subfield code="b">spa</subfield>
    <subfield code="c">BPMSU</subfield>
  </datafield>
  <datafield tag="082" ind1=" " ind2="4">
    <subfield code="a">RD868.42</subfield>
    <subfield code="b">H519o, 2013</subfield>
    <subfield code="2"> 22</subfield>
  </datafield>
  <datafield tag="100" ind1="1" ind2=" ">
    <subfield code="a">Henr&#xED;quez Ure&#xF1;a, Pedro,</subfield>
    <subfield code="d">1884 -1946</subfield>
  </datafield>
  <datafield tag="245" ind1="1" ind2="0">
    <subfield code="a">Obras completas /</subfield>
    <subfield code="c">Pedro Henr&#xED;quez Ure&#xF1;a ; compilador y editor Miguel D. Mena.</subfield>
  </datafield>
  <datafield tag="246" ind1="1" ind2="3">
    <subfield code="a">Obras completas de Pedro Henr&#xED;quez Ure&#xF1;a</subfield>
  </datafield>
  <datafield tag="260" ind1=" " ind2=" ">
    <subfield code="a">Santo Domingo :</subfield>
    <subfield code="b">Editora Nacional,</subfield>
    <subfield code="c">2013-15</subfield>
  </datafield>
  <datafield tag="300" ind1=" " ind2=" ">
    <subfield code="a">14 v. ;</subfield>
    <subfield code="c">22 cm.</subfield>
  </datafield>
  <datafield tag="500" ind1=" " ind2=" ">
    <subfield code="a">Incluye &#xED;ndice</subfield>
  </datafield>
  <datafield tag="500" ind1=" " ind2=" ">
    <subfield code="a">Incluye datos biogr&#xE1;ficos del autor en la solapa de la cubierta</subfield>
  </datafield>
  <datafield tag="504" ind1=" " ind2=" ">
    <subfield code="a">Incluye referencias bibliogr&#xE1;ficas y notas la pie de las p&#xE1;ginas</subfield>
  </datafield>
  <datafield tag="505" ind1="0" ind2=" ">
    <subfield code="g">v.1</subfield>
    <subfield code="t">Teatro-poes&#xED;a-narrativa</subfield>
    <subfield code="g">v.2</subfield>
    <subfield code="t">1899-1910</subfield>
    <subfield code="g">v.3</subfield>
    <subfield code="t">1899-1910</subfield>
    <subfield code="g">v.4</subfield>
    <subfield code="t">1911-1920</subfield>
    <subfield code="g">v.5</subfield>
    <subfield code="t">1911-1920</subfield>
    <subfield code="g">v. 6</subfield>
    <subfield code="t">1911-1920</subfield>
    <subfield code="g">v.7, I</subfield>
    <subfield code="t">1921-1928</subfield>
    <subfield code="g">v.8, II</subfield>
    <subfield code="t">1921-1928</subfield>
    <subfield code="g">1929-1935</subfield>
    <subfield code="g">v.10, I</subfield>
    <subfield code="t">1936-1940</subfield>
    <subfield code="g">v.11, II</subfield>
    <subfield code="t">1936-1942</subfield>
    <subfield code="g">v.12, III</subfield>
    <subfield code="t">1936-1940</subfield>
    <subfield code="g">v.13, I</subfield>
    <subfield code="t">1941-1946</subfield>
    <subfield code="g">v.14, II</subfield>
    <subfield code="t">1941-1946</subfield>
  </datafield>
  <datafield tag="590" ind1=" " ind2=" ">
    <subfield code="6">Inventariado, 2021/VM</subfield>
  </datafield>
  <datafield tag="600" ind1="1" ind2="4">
    <subfield code="a">Henr&#xED;quez Ure&#xF1;a,  Pedro </subfield>
    <subfield code="d">1884-1946</subfield>
    <subfield code="x">Colecciones de escritos </subfield>
  </datafield>
  <datafield tag="650" ind1=" " ind2="4">
    <subfield code="a">Ensayos dominicanos </subfield>
  </datafield>
  <datafield tag="650" ind1=" " ind2="4">
    <subfield code="a">Literatura dominicana  </subfield>
    <subfield code="x">Historia y cr&#xED;tica </subfield>
  </datafield>
  <datafield tag="700" ind1="1" ind2="2">
    <subfield code="a">Mena, Miguel D.</subfield>
    <subfield code="e">pr&#xF3;l.</subfield>
  </datafield>
  <datafield tag="910" ind1=" " ind2=" ">
    <subfield code="a">VMateo V. </subfield>
  </datafield>
  <datafield tag="942" ind1=" " ind2=" ">
    <subfield code="2">ddc</subfield>
    <subfield code="c">BK</subfield>
  </datafield>
  <datafield tag="945" ind1=" " ind2=" ">
    <subfield code="a">Invetnariado / 2017 VM</subfield>
  </datafield>
  <datafield tag="952" ind1=" " ind2=" ">
    <subfield code="0">0</subfield>
    <subfield code="1">0</subfield>
    <subfield code="2">ddc</subfield>
    <subfield code="4">0</subfield>
    <subfield code="7">0</subfield>
    <subfield code="8">CD</subfield>
    <subfield code="a">BPMET</subfield>
    <subfield code="b">BPMET</subfield>
    <subfield code="d">2015-07-21</subfield>
    <subfield code="e">Miguel D. Mena</subfield>
    <subfield code="l">0</subfield>
    <subfield code="o">BPMSU CD RD868.42 H519o 2013</subfield>
    <subfield code="p">BPMSU15070300</subfield>
    <subfield code="r">2015-07-21</subfield>
    <subfield code="t">v. 1</subfield>
    <subfield code="w">2015-07-21</subfield>
    <subfield code="y">BK</subfield>
  </datafield>
  <datafield tag="952" ind1=" " ind2=" ">
    <subfield code="0">0</subfield>
    <subfield code="1">0</subfield>
    <subfield code="2">ddc</subfield>
    <subfield code="4">0</subfield>
    <subfield code="7">0</subfield>
    <subfield code="8">CD</subfield>
    <subfield code="a">BPMET</subfield>
    <subfield code="b">BPMET</subfield>
    <subfield code="d">2015-07-21</subfield>
    <subfield code="e">Miguel D. Mena </subfield>
    <subfield code="l">0</subfield>
    <subfield code="o">BPMSU CD RD868.42 H519o 2013</subfield>
    <subfield code="p">BPMSU15070301</subfield>
    <subfield code="r">2015-07-21</subfield>
    <subfield code="t">v. 2</subfield>
    <subfield code="w">2015-07-21</subfield>
    <subfield code="y">BK</subfield>
  </datafield>
  <datafield tag="952" ind1=" " ind2=" ">
    <subfield code="0">0</subfield>
    <subfield code="1">0</subfield>
    <subfield code="2">ddc</subfield>
    <subfield code="4">0</subfield>
    <subfield code="7">0</subfield>
    <subfield code="8">CD</subfield>
    <subfield code="a">BPMET</subfield>
    <subfield code="b">BPMET</subfield>
    <subfield code="d">2015-07-21</subfield>
    <subfield code="e">Miguel D. Mena </subfield>
    <subfield code="l">0</subfield>
    <subfield code="o">BPMSU CD RD868.42 H519o 2013</subfield>
    <subfield code="p">BPMSU15070302</subfield>
    <subfield code="r">2015-07-21</subfield>
    <subfield code="t">v. 3</subfield>
    <subfield code="w">2015-07-21</subfield>
    <subfield code="y">BK</subfield>
  </datafield>
  <datafield tag="952" ind1=" " ind2=" ">
    <subfield code="0">0</subfield>
    <subfield code="1">0</subfield>
    <subfield code="2">ddc</subfield>
    <subfield code="4">0</subfield>
    <subfield code="7">0</subfield>
    <subfield code="8">CD</subfield>
    <subfield code="a">BPMET</subfield>
    <subfield code="b">BPMET</subfield>
    <subfield code="d">2015-07-21</subfield>
    <subfield code="e">Miguel D. Mena </subfield>
    <subfield code="l">0</subfield>
    <subfield code="o">BPMSU CD RD868.42 H519o 2013</subfield>
    <subfield code="p">BPMSU15070303</subfield>
    <subfield code="r">2015-07-21</subfield>
    <subfield code="t">v. 4</subfield>
    <subfield code="w">2015-07-21</subfield>
    <subfield code="y">BK</subfield>
  </datafield>
  <datafield tag="952" ind1=" " ind2=" ">
    <subfield code="0">0</subfield>
    <subfield code="1">0</subfield>
    <subfield code="2">ddc</subfield>
    <subfield code="4">0</subfield>
    <subfield code="7">0</subfield>
    <subfield code="8">CD</subfield>
    <subfield code="a">BPMET</subfield>
    <subfield code="b">BPMET</subfield>
    <subfield code="d">2015-07-21</subfield>
    <subfield code="e">Miguel de Mena </subfield>
    <subfield code="l">0</subfield>
    <subfield code="o">BPMSU CD RD868.42 H519o 2013</subfield>
    <subfield code="p">BPMSU15070304</subfield>
    <subfield code="r">2015-07-21</subfield>
    <subfield code="t">v. 5</subfield>
    <subfield code="w">2015-07-21</subfield>
    <subfield code="y">BK</subfield>
  </datafield>
  <datafield tag="952" ind1=" " ind2=" ">
    <subfield code="0">0</subfield>
    <subfield code="1">0</subfield>
    <subfield code="2">ddc</subfield>
    <subfield code="4">0</subfield>
    <subfield code="7">0</subfield>
    <subfield code="8">CD</subfield>
    <subfield code="a">BPMET</subfield>
    <subfield code="b">BPMET</subfield>
    <subfield code="d">2015-07-21</subfield>
    <subfield code="e">Miguel D. Mena </subfield>
    <subfield code="l">0</subfield>
    <subfield code="o">BPMSU CD RD868.42 H519o 2013</subfield>
    <subfield code="p">BPMSU15070305</subfield>
    <subfield code="r">2015-07-21</subfield>
    <subfield code="t">v. 6</subfield>
    <subfield code="w">2015-07-21</subfield>
    <subfield code="y">BK</subfield>
  </datafield>
  <datafield tag="952" ind1=" " ind2=" ">
    <subfield code="0">0</subfield>
    <subfield code="1">0</subfield>
    <subfield code="2">ddc</subfield>
    <subfield code="4">0</subfield>
    <subfield code="7">0</subfield>
    <subfield code="8">CD</subfield>
    <subfield code="a">BPMET</subfield>
    <subfield code="b">BPMET</subfield>
    <subfield code="d">2015-07-21</subfield>
    <subfield code="e">Miguel de Mena </subfield>
    <subfield code="l">0</subfield>
    <subfield code="o">BPMSU CD RD868.42 H519o 2013</subfield>
    <subfield code="p">BPMSU15070306</subfield>
    <subfield code="r">2015-07-21</subfield>
    <subfield code="t">v. 7</subfield>
    <subfield code="w">2015-07-21</subfield>
    <subfield code="y">BK</subfield>
  </datafield>
  <datafield tag="952" ind1=" " ind2=" ">
    <subfield code="0">0</subfield>
    <subfield code="1">0</subfield>
    <subfield code="2">ddc</subfield>
    <subfield code="4">0</subfield>
    <subfield code="7">0</subfield>
    <subfield code="8">CD</subfield>
    <subfield code="a">BPMET</subfield>
    <subfield code="b">BPMET</subfield>
    <subfield code="d">2015-07-21</subfield>
    <subfield code="e">Miguel de Mena </subfield>
    <subfield code="l">0</subfield>
    <subfield code="o">BPMSU CD RD868.42 H519o 2015</subfield>
    <subfield code="p">BPMSU21090003</subfield>
    <subfield code="r">2021-09-01</subfield>
    <subfield code="t">v. 8</subfield>
    <subfield code="w">2015-07-21</subfield>
    <subfield code="y">BK</subfield>
  </datafield>
  <datafield tag="952" ind1=" " ind2=" ">
    <subfield code="0">0</subfield>
    <subfield code="1">0</subfield>
    <subfield code="2">ddc</subfield>
    <subfield code="4">0</subfield>
    <subfield code="7">0</subfield>
    <subfield code="8">CD</subfield>
    <subfield code="a">BPMET</subfield>
    <subfield code="b">BPMET</subfield>
    <subfield code="d">2015-07-21</subfield>
    <subfield code="e">Miguel de Mena </subfield>
    <subfield code="l">0</subfield>
    <subfield code="o">BPMSU CD RD868.42 H519o 2015</subfield>
    <subfield code="p">BPMSU21090004</subfield>
    <subfield code="r">2021-09-01</subfield>
    <subfield code="t">v. 8, e.2</subfield>
    <subfield code="w">2015-07-21</subfield>
    <subfield code="y">BK</subfield>
  </datafield>
  <datafield tag="952" ind1=" " ind2=" ">
    <subfield code="0">0</subfield>
    <subfield code="1">0</subfield>
    <subfield code="2">ddc</subfield>
    <subfield code="4">0</subfield>
    <subfield code="7">0</subfield>
    <subfield code="8">CD</subfield>
    <subfield code="a">BPMET</subfield>
    <subfield code="b">BPMET</subfield>
    <subfield code="d">2015-07-21</subfield>
    <subfield code="e">Miguel de Mena </subfield>
    <subfield code="o">BPMSU CD RD868.42 H519o 2015</subfield>
    <subfield code="p">BPMSU21090005</subfield>
    <subfield code="r">2021-09-01</subfield>
    <subfield code="t">v. 9</subfield>
    <subfield code="w">2015-07-21</subfield>
    <subfield code="y">BK</subfield>
  </datafield>
  <datafield tag="952" ind1=" " ind2=" ">
    <subfield code="0">0</subfield>
    <subfield code="1">0</subfield>
    <subfield code="2">ddc</subfield>
    <subfield code="4">0</subfield>
    <subfield code="7">0</subfield>
    <subfield code="8">CD</subfield>
    <subfield code="a">BPMET</subfield>
    <subfield code="b">BPMET</subfield>
    <subfield code="d">2015-07-21</subfield>
    <subfield code="e">Miguel de Mena </subfield>
    <subfield code="o">BPMSU CD RD868.42 H519o 2015</subfield>
    <subfield code="p">BPMSU21090006</subfield>
    <subfield code="r">2021-09-01</subfield>
    <subfield code="t">v. 9, e.2</subfield>
    <subfield code="w">2015-07-21</subfield>
    <subfield code="y">BK</subfield>
  </datafield>
  <datafield tag="952" ind1=" " ind2=" ">
    <subfield code="0">0</subfield>
    <subfield code="1">0</subfield>
    <subfield code="2">ddc</subfield>
    <subfield code="4">0</subfield>
    <subfield code="7">0</subfield>
    <subfield code="8">CD</subfield>
    <subfield code="a">BPMET</subfield>
    <subfield code="b">BPMET</subfield>
    <subfield code="d">2015-07-21</subfield>
    <subfield code="e">Miguel de Mena </subfield>
    <subfield code="o">BPMSU CD RD868.42 H519o 2015</subfield>
    <subfield code="p">BPMSU21090007</subfield>
    <subfield code="r">2021-09-01</subfield>
    <subfield code="t">v.10, e.2</subfield>
    <subfield code="w">2015-07-21</subfield>
    <subfield code="y">BK</subfield>
  </datafield>
  <datafield tag="952" ind1=" " ind2=" ">
    <subfield code="0">0</subfield>
    <subfield code="1">0</subfield>
    <subfield code="2">ddc</subfield>
    <subfield code="4">0</subfield>
    <subfield code="7">0</subfield>
    <subfield code="8">CD</subfield>
    <subfield code="a">BPMET</subfield>
    <subfield code="b">BPMET</subfield>
    <subfield code="d">2015-07-21</subfield>
    <subfield code="e">Miguel de Mena </subfield>
    <subfield code="l">0</subfield>
    <subfield code="o">BPMSU CD RD868.42 H519o 2015</subfield>
    <subfield code="p">BPMSU21090008</subfield>
    <subfield code="r">2021-09-01</subfield>
    <subfield code="t">v.10</subfield>
    <subfield code="w">2015-07-21</subfield>
    <subfield code="y">BK</subfield>
  </datafield>
  <datafield tag="952" ind1=" " ind2=" ">
    <subfield code="0">0</subfield>
    <subfield code="1">0</subfield>
    <subfield code="2">ddc</subfield>
    <subfield code="4">0</subfield>
    <subfield code="7">0</subfield>
    <subfield code="8">CD</subfield>
    <subfield code="a">BPMET</subfield>
    <subfield code="b">BPMET</subfield>
    <subfield code="d">2015-07-21</subfield>
    <subfield code="e">Miguel de Mena </subfield>
    <subfield code="o">BPMSU CD RD864.42 H519o 2015</subfield>
    <subfield code="p">BPMSU21090009</subfield>
    <subfield code="r">2021-09-01</subfield>
    <subfield code="t">v.10</subfield>
    <subfield code="w">2015-07-21</subfield>
    <subfield code="y">BK</subfield>
  </datafield>
  <datafield tag="952" ind1=" " ind2=" ">
    <subfield code="0">0</subfield>
    <subfield code="1">0</subfield>
    <subfield code="2">ddc</subfield>
    <subfield code="4">0</subfield>
    <subfield code="7">0</subfield>
    <subfield code="8">CD</subfield>
    <subfield code="a">BPMET</subfield>
    <subfield code="b">BPMET</subfield>
    <subfield code="d">2015-07-21</subfield>
    <subfield code="e">Miguel de Mena </subfield>
    <subfield code="l">0</subfield>
    <subfield code="o">BPMSU CD RD868.42 H519o 2015</subfield>
    <subfield code="p">BPMSU21090010</subfield>
    <subfield code="r">2021-09-01</subfield>
    <subfield code="t">v.11</subfield>
    <subfield code="w">2015-07-21</subfield>
    <subfield code="y">BK</subfield>
  </datafield>
  <datafield tag="952" ind1=" " ind2=" ">
    <subfield code="0">0</subfield>
    <subfield code="1">0</subfield>
    <subfield code="2">ddc</subfield>
    <subfield code="4">0</subfield>
    <subfield code="7">0</subfield>
    <subfield code="8">CD</subfield>
    <subfield code="a">BPMET</subfield>
    <subfield code="b">BPMET</subfield>
    <subfield code="d">2015-07-21</subfield>
    <subfield code="e">Miguel de Mena </subfield>
    <subfield code="l">0</subfield>
    <subfield code="o">BPMSU CD RD868.42 H519o 2015</subfield>
    <subfield code="p">BPMSU21090011</subfield>
    <subfield code="r">2021-09-01</subfield>
    <subfield code="t">v.11, e.2</subfield>
    <subfield code="w">2015-07-21</subfield>
    <subfield code="y">BK</subfield>
  </datafield>
  <datafield tag="952" ind1=" " ind2=" ">
    <subfield code="0">0</subfield>
    <subfield code="1">0</subfield>
    <subfield code="2">ddc</subfield>
    <subfield code="4">0</subfield>
    <subfield code="7">0</subfield>
    <subfield code="8">CD</subfield>
    <subfield code="a">BPMET</subfield>
    <subfield code="b">BPMET</subfield>
    <subfield code="d">2015-07-21</subfield>
    <subfield code="e">Miguel de Mena </subfield>
    <subfield code="l">0</subfield>
    <subfield code="o">BPMSU CD RD868.42 H519o 2015</subfield>
    <subfield code="p">BPMSU21090012</subfield>
    <subfield code="r">2021-09-01</subfield>
    <subfield code="t">v.12, e.2</subfield>
    <subfield code="w">2015-07-21</subfield>
    <subfield code="y">BK</subfield>
  </datafield>
  <datafield tag="952" ind1=" " ind2=" ">
    <subfield code="0">0</subfield>
    <subfield code="1">0</subfield>
    <subfield code="2">ddc</subfield>
    <subfield code="4">0</subfield>
    <subfield code="7">0</subfield>
    <subfield code="8">CD</subfield>
    <subfield code="a">BPMET</subfield>
    <subfield code="b">BPMET</subfield>
    <subfield code="d">2015-07-21</subfield>
    <subfield code="e">Miguel de Mena </subfield>
    <subfield code="l">0</subfield>
    <subfield code="o">BPMSU CD RD868.42 H519o 2015</subfield>
    <subfield code="p">BPMSU21090013</subfield>
    <subfield code="r">2021-09-01</subfield>
    <subfield code="t">v.12</subfield>
    <subfield code="w">2015-07-21</subfield>
    <subfield code="y">BK</subfield>
  </datafield>
  <datafield tag="952" ind1=" " ind2=" ">
    <subfield code="0">0</subfield>
    <subfield code="1">0</subfield>
    <subfield code="2">ddc</subfield>
    <subfield code="4">0</subfield>
    <subfield code="7">0</subfield>
    <subfield code="8">CD</subfield>
    <subfield code="a">BPMET</subfield>
    <subfield code="b">BPMET</subfield>
    <subfield code="d">2015-07-21</subfield>
    <subfield code="e">Miguel de Mena </subfield>
    <subfield code="o">BPMSU CD RD868.42 H519o 2015</subfield>
    <subfield code="p">BPMSU21090014</subfield>
    <subfield code="r">2021-09-01</subfield>
    <subfield code="t">v.13</subfield>
    <subfield code="w">2015-07-21</subfield>
    <subfield code="y">BK</subfield>
  </datafield>
  <datafield tag="952" ind1=" " ind2=" ">
    <subfield code="0">0</subfield>
    <subfield code="1">0</subfield>
    <subfield code="2">ddc</subfield>
    <subfield code="4">0</subfield>
    <subfield code="7">0</subfield>
    <subfield code="8">CD</subfield>
    <subfield code="a">BPMET</subfield>
    <subfield code="b">BPMET</subfield>
    <subfield code="d">2015-07-21</subfield>
    <subfield code="e">Miguel de Mena </subfield>
    <subfield code="o">BPMSU CD RD868.42 H519o 2015</subfield>
    <subfield code="p">BPMSU21090015</subfield>
    <subfield code="r">2021-09-01</subfield>
    <subfield code="t">v.13, e.2</subfield>
    <subfield code="w">2015-07-21</subfield>
    <subfield code="y">BK</subfield>
  </datafield>
  <datafield tag="952" ind1=" " ind2=" ">
    <subfield code="0">0</subfield>
    <subfield code="1">0</subfield>
    <subfield code="2">ddc</subfield>
    <subfield code="4">0</subfield>
    <subfield code="7">0</subfield>
    <subfield code="8">CD</subfield>
    <subfield code="a">BPMET</subfield>
    <subfield code="b">BPMET</subfield>
    <subfield code="d">2015-07-21</subfield>
    <subfield code="e">Miguel de Mena </subfield>
    <subfield code="l">0</subfield>
    <subfield code="o">BPMSU CD RD868.42 H519o 2015</subfield>
    <subfield code="p">BPMSU21090016</subfield>
    <subfield code="r">2021-09-01</subfield>
    <subfield code="t">v.14, e.2</subfield>
    <subfield code="w">2015-07-21</subfield>
    <subfield code="y">BK</subfield>
  </datafield>
  <datafield tag="952" ind1=" " ind2=" ">
    <subfield code="0">0</subfield>
    <subfield code="1">0</subfield>
    <subfield code="2">ddc</subfield>
    <subfield code="4">0</subfield>
    <subfield code="7">0</subfield>
    <subfield code="8">CD</subfield>
    <subfield code="a">BPMET</subfield>
    <subfield code="b">BPMET</subfield>
    <subfield code="d">2015-07-21</subfield>
    <subfield code="e">Miguel de Mena </subfield>
    <subfield code="l">0</subfield>
    <subfield code="o">BPMSU CD RD868.42 H519o 2015</subfield>
    <subfield code="p">BPMSU21090017</subfield>
    <subfield code="r">2021-09-01</subfield>
    <subfield code="t">v.14</subfield>
    <subfield code="w">2015-07-21</subfield>
    <subfield code="y">BK</subfield>
  </datafield>
  <datafield tag="956" ind1=" " ind2=" ">
    <subfield code="a">VMATEO</subfield>
    <subfield code="b">10</subfield>
    <subfield code="c">BPMSU</subfield>
    <subfield code="l">20150721</subfield>
    <subfield code="h">00151</subfield>
  </datafield>
  <datafield tag="999" ind1=" " ind2=" ">
    <subfield code="c">7984</subfield>
    <subfield code="d">7984</subfield>
  </datafield>
</record>
